Sports Quiz

Random Sports or Football Quiz

NFL Team Leaders (2012) Quiz Stats

 Plays Quiz Updated Feb 13, 2013

Score 0/160 Timer 12:00
0 Plays Today
Team Player % Correct
BroncosPeyton Manning
93%
BearsJay Cutler
92.8%
GiantsEli Manning
92.7%
BengalsAndy Dalton
87.9%
LionsCalvin Johnson
86.5%
BillsSteve Johnson
86.3%
TexansAndre Johnson
86.4%
TitansChris Johnson
86.3%
PanthersCharles Johnson
86.2%
49ersAldon Smith
85.4%
PanthersSteve Smith
85.4%
VikingsH. Smith & A. Winfield
85.4%
BengalsA.J. Green
84.7%
BearsMatt Forte
84.5%
PackersAlex Green
84.1%
CowboysTony Romo
84.1%
ColtsAndrew Luck
84%
ChargersPhillip Rivers
83.9%
PatriotsTom Brady
83.7%
FalconsMatt Ryan
82.3%
BearsBrandon Marshall
82.2%
PackersAaron Rodgers
81.8%
BuccaneersVincent Jackson
81.5%
RamsSteven Jackson
81.5%
TexansKareem Jackson
81.3%
DolphinsReshad Jones
79.5%
LionsMatthew Stafford
78.4%
EaglesMichael Vick
78.2%
SaintsDrew Brees
77.5%
BillsRyan Fitzpatrick
76.6%
SeahawksRussell Wilson
75.7%
49ersFrank Gore
75.7%
RaidersCarson Palmer
75.5%
RavensJoe Flacco
75.5%
BuccaneersJosh Freeman
75%
BroncosDemaryius Thomas
75%
JetsMark Sanchez
74.9%
EaglesLeSean McCoy
74.7%
PanthersCam Newton
74.7%
PanthersCam Newton
74.7%
VikingsAdrian Peterson
74.5%
CardinalsPatrick Peterson
74.2%
RedskinsRobert Griffin III
74.1%
49ersColin Kaepernick
74%
TitansM. Griffin & J. McCourty
73.3%
FalconsRoddy White
72.5%
RavensC. Williams & E. Reed
72.3%
CowboysDez Bryant
71.3%
ChiefsJamaal Charles
70.3%
DolphinsRyan Tannehill
70.2%
RavensRay Rice
69.7%
SteelersBen Roethlisberger
69.6%
SeahawksSidney Rice
69.5%
JetsShonn Greene
69.2%
Team Player % Correct
RamsSam Bradford
68.8%
CardinalsLarry Fitzgerald
68.7%
ColtsReggie Wayne
68.2%
PatriotsWes Welker
67.7%
BillsC.J. Spiller
67.3%
TexansMatt Schaub
67%
DolphinsReggie Bush
66.8%
BillsMario Williams
66.7%
GiantsVictor Cruz
66.6%
BrownsU. Young, S. Brown, & J. Haden
66.5%
SeahawksMarshawn Lynch
66.1%
BuccaneersDoug Martin
65.6%
BroncosVon Miller
64.8%
FalconsMichael Turner
64.8%
ChiefsMatt Cassel
64.7%
49ersMichael Crabtree
63.1%
BengalsBenJarvus Green-Ellis
63%
GiantsAhmad Bradshaw
62.1%
BrownsTrent Richardson
61.9%
TexansArian Foster
61.6%
ChiefsDwayne Bowe
61.1%
GiantsStevie Brown
60.9%
BrownsBrandon Weeden
60.9%
JaguarsMaurice Jones-Drew
60.6%
BearsJulius Peppers
60.5%
CowboysDeMarco Murray
60%
RedskinsAlfred Morris
58.4%
VikingsChristian Ponder
57.7%
CowboysDeMarcus Ware
57.4%
RavensAnquan Boldin
55.6%
PackersClay Matthews
55.4%
SaintsMarques Colston
54.6%
BearsTim Jennings
54.5%
RaidersDarren McFadden
53.8%
TexansJ.J. Watt
53%
JaguarsChad Henne
52.5%
BroncosWillis McGahee
52.5%
ChargersRyan Mathews
52.3%
TitansJake Locker
51.4%
EaglesJeremy Maclin
51%
CardinalsKevin Kolb
50%
PatriotsStevan Ridley
49.5%
SteelersMike Wallace
49.4%
BengalsR. Nelson & C. Crocker
47.1%
VikingsJared Allen
45.6%
PackersRandall Cobb
44.4%
SaintsMark Ingram
42%
RedskinsPierre Garcon
41.1%
DolphinsBrian Hartline
40.5%
GiantsJason Pierre-Paul
40.4%
BrownsJosh Gordon
38.5%
EaglesF. Cox, B. Graham, & J. Babin
37.1%
VikingsPercy Harvin
36.7%
ColtsRobert Mathis
36.1%
Team Player % Correct
FalconsJohn Abraham
34.7%
DolphinsCameron Wake
34.1%
ChargersMalcom Floyd
33.5%
SeahawksRichard Sherman
33.1%
JaguarsCecil Shorts
30.6%
LionsMikel Leshoure
30.5%
SteelersL. Timmons & J. Harrison
29.6%
BroncosW. Woodyard & C. Harris
29.1%
ColtsVick Ballard
27.6%
RamsChris Long
27.5%
TitansNate Washington
27.5%
CardinalsDaryl Washington
27.5%
BengalsGeno Atkins
27.4%
JetsAntonio Cromartie
25.5%
BuccaneersRonde Barber
24.9%
CardinalsLaRod Stephens-Howling
21.9%
BillsJairus Byrd
21.7%
SteelersJonathan Dwyer
20.8%
ChiefsJustin Houston
20.4%
LionsC. Houston & D. Carey
20.4%
RaidersLamarr Houston
20.3%
JetsJeremy Kerley
19.9%
ChargersE. Weddle & Q. Jammer
19.4%
CowboysBrandon Carr
18.8%
LionsCliff Avril
18.7%
PatriotsDevin McCourty
17.6%
RavensPaul Kruger
16.5%
SaintsP. Robinson & J. Greer
16.1%
ChiefsBrandon Flowers
15.2%
49ersDashon Goldson
15%
RamsJanoris Jenkins
14.4%
PatriotsRob Ninkovich
13.3%
RedskinsRyan Kerrigan
13.2%
EaglesDominique Rodgers-Cromartie
13.1%
BuccaneersMichael Bennett
12.2%
ChargersShaun Phillips
12%
SeahawksChris Clemons
11.6%
PackersCasey Hayward
11.4%
RamsChris Givens
10.7%
FalconsThomas DeCoud
9.9%
RedskinsLondon Fletcher
9.7%
SaintsCameron Jordan
8.6%
RaidersBrandon Myers
8.5%
PanthersL. Kuechly, C. Godfrey, C. Munnerlyn, & H. Nakamura
8.5%
JaguarsDerek Cox
8.2%
SteelersLawrence Timmons
7.7%
RaidersJ. Hanson, M. Huff, M. Giordano, & Phillip Adams
6.8%
TitansDerrick Morgan
5.9%
BrownsJabaal Sheard
5.6%
JetsQuinton Coples
5%
ColtsDarius Butler
4.2%
JaguarsTyson Alualu
2.8%

You're not logged in!

Compare scores with friends on all Sporcle quizzes.
OR
Log In

Sporcle TV

Today on Sporcle TV


Watch our educational content, quiz creation guides, and fun videos on Sporcle TV.

Show Comments

Extras

Top Quizzes Today


Score Distribution

Your Account Isn't Verified!

In order to create a playlist on Sporcle, you need to verify the email address you used during registration. Go to your Sporcle Settings to finish the process.

Report this User

Report this user for behavior that violates our Community Guidelines.

Details: